000 00626nam a2200229 a 4500
001 nice12345678
003 IN_TiNIC
005 20260116014136.0
008 090106s2007 newa grp 000 0 eng
020 _a8125033866
_c575
082 0 0 _a330
_bMEH
100 _aMehrotra, Santosh
245 _aEliminating Human Poverty
_b Macroeconomic and Social Policies for Equitable Growth
260 _aNew Delhi
_bOrient Blackswan
_c2007
300 _a432p
500 _aincludes index and biblioraphy
505 2 _anotes, references,index
650 _aEconomics
902 _bSRS
942 _cBK
999 _c14059
_d14059